| 000 | 00575cam a22002052a 4500 | ||
|---|---|---|---|
| 001 | 022663 | ||
| 003 | AR-FADEU | ||
| 008 | 311216n2011####xxu####################dd | ||
| 020 | _a978-987-601-138-9 | ||
| 092 |
_a070.017 _bJ11 |
||
| 245 | _aJAVIER Darío Restrepo, periodismo y pasión : interrogantes sobre el ejercicio y la ética profesional | ||
| 260 | _aBuenos Aires | ||
| 260 | _bLa Crujía | ||
| 260 | _c2011 | ||
| 300 | _a134 p | ||
| 440 | _aInclusiones, categorías | ||
| 700 | _aJosé María, Poirier, ed. | ||
| 650 | _aPERIODISMO; ETICA | ||
| 942 | _cBDGR | ||
| 999 |
_c28360 _d28360 |
||